000 00605cam a22002051i 4500
001 ne 64000418
003 DLC
005 20260227111756.0
008 801030m19639999ua a d 000 0 egyrc
010 _ane 64000418
035 _a(OCoLC)6882130
040 _aPrinceton Univ. Libr.
_cMnM
_dDLC
042 _apremarc
050 0 0 _aBP40
_b.A8
100 2 _aʻAṭīyat Allāh, Aḥmad.
245 1 3 _aal-Qāmūs al-Islāmī /
_cAḥmad ʻAṭīyat Allāh.
260 _a[Cairo] :
_bMaktabat al-Nahḍah al-Miṣriyah,
_c1963-
300 _a v. :
_bill. ;
_c25 cm.
650 0 _aIslam
_xDictionaries
_xArabic.
999 _c46717
_d46717